000 00343nam a2200145Ia 4500
003 OSt
005 20240229163737.0
008 170524s9999 xx 000 0 und d
020 _a9788173919771
040 _cIIMT UNIVERSITY
100 _amanisha devadi
245 0 _aradio patrkarita ka siddhant
260 _bKANISHKA PUB.
942 _2ddc
_c02
999 _c9170
_d9170